000 00529nam a2200193Ia 4500
003 GCL
008 140319s9999 xx 000 0 ara d
040 _aGCL /
_cGCL
082 0 4 _a791.43
_bر ف
100 1 _aاحمد الحضرى
245 1 0 _aفن المونتاج السينمائى /
_cاحمد الحضرى
700 1 _aرايس، كاريل
700 1 _aاحمد كامل مرسى
300 _a416 ص
490 _a
650 0 4 _aالسينما
650 0 4 _aالاخراج السينمائى
942 _2ddc
_cBK
999 _c40058
_d40058